Compendio de historia literaria de Europa desde el Renacimiento / (Record no. 134826)
[ view plain ]
| 000 -LEADER | |
|---|---|
| campo de control de longitud fija | 00617nam a2200193 i 4500 |
| 001 - NÚMERO DE CONTROL | |
| campo de control | 134826 |
| 003 - IDENTIFICADOR DE NÚMERO DE CONTROL | |
| campo de control | ES-MaACL |
| 005 - FECHA Y HORA DE LA ÚLTIMA TRANSACCIÓN | |
| campo de control | 20231204174649.0 |
| 007 - CAMPO FIJO DE DESCRIPCIÓN FÍSICA--INFORMACIÓN GENERAL | |
| campo de control de longitud fija | t| |
| 008 - DATOS DE LONGITUD FIJA--INFORMACIÓN GENERAL | |
| campo de control de longitud fija | 070629s1932 sp ||||1| spa d |
| 100 1# - ENTRADA PRINCIPAL--NOMBRE DE PERSONA | |
| Nombre de persona | Tieghem, Paul van. |
| 9 (RLIN) | 110231 |
| 245 10 - MENCIÓN DEL TÍTULO | |
| Título | Compendio de historia literaria de Europa desde el Renacimiento / |
| Mención de responsabilidad, etc. | Paul van Tieghen ; traducción de José Quiroga Plá. |
| 250 ## - MENCION DE EDICION | |
| Mención de edición | 1ª ed. |
| 260 ## - PUBLICACIÓN, DISTRIBUCIÓN, ETC. | |
| Lugar de publicación, distribución, etc. | Madrid : |
| Nombre del editor, distribuidor, etc. | Espasa Calpe, |
| Fecha de publicación, distribución, etc. | 1932. |
| 300 ## - DESCRIPCIÓN FÍSICA | |
| Extensión | 283 p. ; |
| Dimensiones | 21 cm. |
| 700 1# - ENTRADA AGREGADA--NOMBRE PERSONAL | |
| Nombre de persona | Quiroga Plá, José María, |
| Fechas asociadas al nombre | 1902-1955 |
| 9 (RLIN) | 94784 |
| 852 ## - LOCALIZACIÓN | |
| Ubicación | ES-MaACL |
| Número de control de estantería | A-1400 |
| Sublocalización o colección | R.11842 |
| Estatus retirado | Estado de pérdida | Estado de daño | No para préstamo | Biblioteca de origen | Biblioteca actual | Ubicación en estantería | Fecha de adquisición | Fuente de adquisición | Total de préstamos | Signatura topográfica completa | Código de barras | Visto por última vez | Precio de reemplazo | Tipo de ítem Koha |
|---|---|---|---|---|---|---|---|---|---|---|---|---|---|---|
| Biblioteca del Ateneo de Madrid | Biblioteca del Ateneo de Madrid | Sala Pecera Planta 1 | 17/01/2008 | A-1400 | 1140336 | 23/02/2023 | 23/02/2023 | Libro impreso |
